[Event "Salon de Provence op"]
[Site "Salon de Provence"]
[Date "2023.07.12"]
[Round "7.7"]
[White "Colandrea, Sauveur"]
[Black "Torelli, Roger"]
[Result "1-0"]
[WhiteElo "1540"]
[BlackElo "1539"]
[PlyCount "87"]
[EventDate "2023.07.08"]
[EventType "swiss"]
[EventRounds "9"]
[EventCountry "FRA"]
[SourceTitle "EXT 2024"]
[Source "ChessBase"]
[SourceDate "2023.10.10"]
[SourceVersion "1"]
[SourceVersionDate "2023.10.10"]
[SourceQuality "1"]

1. e4 e5 2. Nf3 Nc6 3. Bc4 Bc5 4. d3 h6 5. c3 d6 6. 0-0 Nf6 7. Re1 0-0 8. Be3 Bb6 9. h3 Be6 10. Bxe6 fxe6 11. Nbd2 Ne7 12. Qb3 Qc8 13. a4 Bxe3 14. Rxe3 Ng6 15. g3 Kh7 16. Nc4 b6 17. Rae1 Qd7 18. Kg2 a5 19. d4 exd4 20. Nxd4 Rae8 21. e5 Nxe5 22. Nxe5 dxe5 23. Rxe5 Rf7 24. Nxe6 Qc6+ 25. Kg1 Kg8 26. Nd4 Rxe5 27. Rxe5 Qd6 28. Nf3 Kf8 29. Re3 Re7 30. Rxe7 Kxe7 31. Nd4 Kf8 32. Ne6+ Ke7 33. Nxg7 Qd5 34. Qxd5 Nxd5 35. Nf5+ Kf6 36. Nxh6 b5 37. axb5 a4 38. Ng4+ Ke6 39. Ne3 a3 40. h4 Ke5 41. h5 a2 42. Nc2 Ke4 43. h6 Kd3 44. Nb4+ 1-0